000 00874nam a2200241 a 4500
003 CBULib
005 20231122134015.0
008 130719s2013 ||||||||||||||||| || u
040 _aCBULib
_bEnglish
_cCBULib
_erda
041 _aeng
050 _aUNCTAD(02)2013/2
110 _aUnited Nations Conference on Trade and Development (UNCTAD)
245 1 4 _aThe Palestinian economy in east Jerusalem: enduring annexation, isolation and disintegration
_c/ by United Nations Conference on Trade and Development (UNCTAD)
260 _aGeneva :
_bUnited Nations,
_c2013.
300 _aix, 61 pages : illustrations
336 _2rdacontent
_aText |
_btxt
337 _2rdamedia
_aUnmediated |
_bn
338 _2rdacarrier
_aVolume
_bnc
500 _aBibliography
650 _aPALESTINE--ECONOMY
942 _2mc
_c029
999 _c53082
_d53082